Vilém Kreibich - lokomotivy : [Národní technické muzeum v Praze : katalog výstavy]

Hlavní autor: Kreibich, Vilém, 1884-1955
Korporativní autor: Národní technické muzeum (Praha, Česko)
Jazyk: Čeština
Vydáno: V Praze : Národní technické muzeum, [2003?]
Témata:
Fyzický popis: 13 s. : barev. il. ; 15 x 21 cm
Knihy
Uloženo v:
LEADER 01421nam a2200409 a 4500
001 000680676
003 CZ BrMZK
005 20081211085853.0
007 ta
008 030805s2003 xr a e c 000 0dcze d
015 |a cnb001279677 
020 |a 80-7037-121-8  |q (brož.) 
035 |a (OCoLC)53860576 
040 |a BOA001  |b cze 
043 |a e-xr--- 
045 |a w-x- 
072 7 |a 75  |x Malířství  |2 Konspekt  |9 21 
080 |a 75(437.3)  |2 MRF 
080 |a 629.422  |2 MRF 
080 |a 7.04  |2 MRF 
080 |a (437.3)  |2 MRF 
080 |a (083.824)  |2 MRF 
100 1 |a Kreibich, Vilém,  |d 1884-1955  |7 mzk2003197405  |4 art 
245 1 0 |a Vilém Kreibich - lokomotivy :  |b [Národní technické muzeum v Praze : katalog výstavy] 
246 3 3 |a Lokomotivy 
260 |a V Praze :  |b Národní technické muzeum,  |c [2003?] 
300 |a 13 s. :  |b barev. il. ;  |c 15 x 21 cm 
600 1 7 |a Kreibich, Vilém,  |d 1884-1955  |7 mzk2003197405  |2 czenas 
648 4 |a 19.-20. stol. 
650 0 7 |a české malířství  |7 ph116864  |y 19.-20. stol.  |2 czenas 
650 0 7 |a parní lokomotivy  |7 ph115683  |z Česko  |2 czenas 
650 0 7 |a umělecké náměty  |7 ph138227  |2 czenas 
655 7 |a katalogy výstav  |7 fd132536  |2 czenas 
710 2 |a Národní technické muzeum (Praha, Česko)  |7 kn20010709076 
910 |a BOA001  |b 2-1122.747 
990 |a BK 
996 6 |b 2610196888  |c 2-1122.747  |l MZK  |r Sklad / do 1 hodiny  |n 1  |p p.v.  |w 000680676  |u 000010  |a 1  |e BOA001  |j MZK50  |s P